| 000 | 00899cam a22002654a 4500 | ||
|---|---|---|---|
| 999 |
_c3611 _d3611 |
||
| 001 | 12627 | ||
| 003 | BD-DhUAP | ||
| 005 | 20200309170033.0 | ||
| 008 | 200309s2004 ii a b 001 0 eng | ||
| 020 | _a9788131706886 | ||
| 040 |
_aDLC _cDLC _dBD-DhUAP _bEng |
||
| 042 | _apcc | ||
| 082 | 0 | 0 |
_a621.382 MUR _222 |
| 100 | 1 | _aMurthy, C. Siva Ram. | |
| 245 | 1 | 0 |
_aAd Hoc wireless networks : _barchitectures and protocols / _cC. Silva Ram Murthy and B.S. Manoj. |
| 260 |
_aNew Delhi : _bPearson education, _cc2004. |
||
| 300 |
_a879 pages : _billustrations ; _c27 cm. |
||
| 490 | _aPrentice Hall communications engineering and emerging technologies series | ||
| 504 | _aIncludes bibliographical references and index. | ||
| 650 | 0 | _aWireless communication systems. | |
| 650 | 0 | _aRouters (Computer networks) | |
| 650 | 0 | _aComputer network architectures. | |
| 700 | 1 | _aManoj, B. S. | |
| 942 |
_2ddc _cBK |
||